00691nam a22001577a 4500008004100000020001800041040005500059080002200114100002300136245005000159260005100209300001000260500024100270650000900511653001300520230328b |||||||| |||| 00| 0 eng d a0-672-22664-2 aNational Science LibrarycNational Science Library aD 681.324:006bM7 aStallings, William aHandbook of computer communications standards aIndianapolis: bHoward W Sams & Company,c1987 a322p. 3Vol .1 (The open systems interconnection model and osi related standards): ISBN 0-672-22664-2, 322p. Vol .2 (Local network standards): ISBN 0-672-22665-0, 244p. Vol .3 (Department of defense protocol standard): ISBN 0-672-22666-9, 206p. aLAN  aComputer